Kaveri:Prachina tulu kavya. (Record no. 90552)

MARC details
000 -LEADER
fixed length control field 00627nam a2200193Ia 4500
003 - CONTROL NUMBER IDENTIFIER
control field OSt
005 - DATE AND TIME OF LATEST TRANSACTION
control field 20260424145228.0
008 - FIXED-LENGTH DATA ELEMENTS--GENERAL INFORMATION
fixed length control field 210210b1987 xxu||||| |||| 00| 0 eng d
040 ## - CATALOGING SOURCE
Transcribing agency AL
041 ## - LANGUAGE CODE
Language code of text/sound track or separate title Kannada
082 ## - DEWEY DECIMAL CLASSIFICATION NUMBER
Classification number T894.1 VENK
100 ## - MAIN ENTRY--PERSONAL NAME
Personal name VENKATARAJA PUNINCHATHAYA.
Dates associated with a name ವೆಂಕಟರಾಜ ಪುಣಿಂಚಿತ್ತಾಯ
9 (RLIN) 262631
245 ## - TITLE STATEMENT
Title Kaveri:Prachina tulu kavya.
Remainder of title ಕಾವೇರಿ:ಪ್ರಾಚೀನ ತುಳು ಕಾವ್ಯ
260 ## - PUBLICATION, DISTRIBUTION, ETC.
Place of publication, distribution, etc. Udupi
Name of publisher, distributor, etc. Rashtrakavi Govinda Pai Samshodhana Kendra
Date of publication, distribution, etc. 1987
300 ## - PHYSICAL DESCRIPTION
Extent 64
690 ## - LOCAL SUBJECT ADDED ENTRY--TOPICAL TERM (OCLC, RLIN)
Topical term or geographic name as entry element Tulu Poetry
9 (RLIN) 262632
906 ## - LOCAL DATA ELEMENT F, LDF (RLIN)
a 040293
942 ## - ADDED ENTRY ELEMENTS (KOHA)
Source of classification or shelving scheme Dewey Decimal Classification
Koha item type Book
Holdings
Withdrawn status Lost status Damaged status Not for loan Collection code Home library Current library Shelving location Date acquired Cost, normal purchase price Total Checkouts Full call number Barcode Date last seen Price effective from Koha item type
        Tulu St Aloysius Library St Aloysius Library   02/17/2021 15.00   T894.1 VENK 040293 02/17/2021 02/17/2021 Book